| 000 | 00450nam a2200157Ia 4500 | ||
|---|---|---|---|
| 005 | 20241127040846.0 | ||
| 008 | 240331s9999 xx 000 0 und d | ||
| 020 | _a0333914263 | ||
| 082 |
_bHUG _a894 |
||
| 100 | _aHugo, V | ||
| 245 | 0 | _aLes miserables | |
| 260 |
_aIndia _bMacmillan India Limited _c1971 |
||
| 300 | _a143 p ., | ||
| 500 | _aA Collection of titles from great world literature carefully selected for two levels of reading | ||
| 942 | _cL | ||
| 999 |
_c4436 _d4436 |
||